000 01211nam0a22002891 4500
001 RU\NLR\INFOCOMM_116\5000076556
005 20250613100510.0
035 _a(NLR Aleph) 009345907
090 _a9537428
_c9537428
100 _a20101105d1969 |||y0rusy50 ca
101 0 _aeng
102 _aRU
105 _aa ||||000|y
200 1 _aNewest elements of the Mendeleev periodic table, perspectives and chemical problems of the search for super-heavy elements
_e[Report presented at the Paris conference dedicated to the centenary of the Mendeleev periodic table]
_fG. N. Flerov
210 _aДубна
_d1969
215 _a27 с.
_cил.
_d22 см
225 1 _aˆ[‰Издания]
_fОбъедин. ин-т ядерных исследований. Лаборатория ядерных реакций
_vЕ15-4651
309 _aОтпеч. множит. аппаратом
686 _aХ-84
_2rubbk
686 _aˆ[‰Г1238]
_2rubbk
700 1 _aFlerov
_bG. N.
_f1913-
_gGeorgij Nikolaevič
_4070
712 0 2 _aParis conference dedicated to the centenary of the Mendeleev periodical table
_4570
801 1 _aRU
_bNLR
_c20101105
801 0 _aRU
_bNLR
_gPSBO
852 _aNLR
_jP11/3130
942 _cBOOK
980 _aNB